| 000 | 00685nam a22002057a 4500 | ||
|---|---|---|---|
| 999 |
_c6993 _d6993 |
||
| 003 | AR-CdUCM | ||
| 008 | 190319b ||||| |||| 00| 0 spa d | ||
| 040 |
_aMUNICIPALIDAD PROVINCIAL DEL CUSCO _cBIBLIOTECA MUNICIPAL DEL CUSCO |
||
| 082 |
_a160 / _bK77 |
||
| 100 |
_aKosik, Karel _919712 |
||
| 245 | _aDialéctica de lo concreto / | ||
| 260 |
_aMéxico : _bGrijalbo, _c1967. |
||
| 300 |
_a269 páginas ; _c21 cm. |
||
| 505 | _aContenido : Dialéctica de la totalidad concreta -- Economia y filosofia -- Filosofia y economia -- Praxis y totalidad ... | ||
| 650 |
_aFilosofía _9395 |
||
| 650 |
_aEconomía _9382 |
||
| 650 |
_aDialéctica _95490 |
||
| 942 |
_2ddc _cLIBROS |
||
| 945 | _arah | ||